000 00850nam a2200217Ia 4500
999 _c4262
_d4262
003 OSt
005 20200511124904.0
008 191128s2016 sp a br 000 j spa d
020 _a9788426399014
040 _aCO-JMCR
_cCO-JMCR
082 0 4 _aC /
_bMOLl
100 _aMolist, Pep,
_eautor
_94185
245 1 0 _aLágrimas de cocodrilo /
_cPep Molist; ilustración Emilio Urberuaga; traducción Pere Pla
260 _aEspaña :
_bEdel vives,
_c2016
300 _a43 páginas :
_bilustraciones a color ;
_c20 cm.
490 0 _aAla Delta
520 _aA Cocolicot, su mamá su papá y su hermana Coconuta le recordaban constantemente que los cocodrilos son valientes y seguros y que los cocodrilos son valientes y seguros y que nunca lloran.
521 _aRecomendado a partir de 5 años.
650 _aCuentos infantiles
_94186
942 _2ddc
_cBK